ROH Pure Wrestling Champions - Statistics

General Stats
  • This quiz has been taken 152 times
    45 since last reset
  • The average score is 8 of 13
Answer Stats
Title Reigns Last Won Champion % Correct
1 2006 Bryan Danielson
86%
1 2005 Samoa Joe
86%
3 2023 Wheeler Yuta
78%
1 2004 AJ Styles
75%
1 2022 Daniel Garcia
75%
1 2005 Nigel McGuinness
61%
1 2024 Lee Moriarty
56%
1 2020 Jonathan Gresham
53%
1 2005 Jay Lethal
50%
1 2023 Katsuyori Shibata
47%
1 2004 Doug Williams
42%
1 2004 John Walters
39%
1 2021 Josh Woods
36%
No matching quizzes found
Score Distribution
Percent of People with Each Score
Percentile by Number Answered
Your Score History
You have not taken this quiz since the last reset